000 00874nam a22002657a 4500
999 _c14918
_d14918
003 MIRAKIL
005 20220518111955.0
008 220518b tu ||||| |||| 00| 0 tur d
020 _a9786055669256
040 _aTR-AnCHP
_cTR-AnCHP
041 _atur
082 _a814.42
_bA41d 2018
100 _aAlbayrak, B. Sadık
245 1 0 _aDurmayan adam:
_bköy enstitülü Hüseyin Dündar Kızılelma anlatıyor/
246 _aköy enstitülü Hüseyin Dündar Kızılelma anlatıyor
260 _aİstanbul :
_bDoğu Kitabevi,
_c2018.
300 _a300 s.:
_bfotg.;
_c19 sm.
490 0 _aDoğu Kitabevi;
_v153.
600 0 _97091
_aKızılelma, H. Dündar
_xAnılar
650 0 _95603
_aSöyleşiler
700 _97092
_aŞilkan, Tahir
700 _97093
_aKızılelma, Özden
740 _aköy enstitülü Hüseyin Dündar Kızılelma anlatıyor
942 _2ddc
_cBKS